00337nam a2200121Ia 4500008004100000041000800041082002100049100001700070245004500087260003900132300003200171365001200203240624s9999 xx 000 0 und d aeng a658.40520951 KUM aKUMAR RAJESH aINTERNATIONAL NEGOTIATION IN CHINA AND I c2011aNew YorkbPalgrave Macmillan aviii, : 189 : p. : cm. ; 22 cGBPb50